<?xml version='1.0' encoding='UTF-8'?><?xml-stylesheet href='static/style.xsl' type='text/xsl'?><OAI-PMH xmlns="http://www.openarchives.org/OAI/2.0/" xmlns:xsi="http://www.w3.org/2001/XMLSchema-instance" xsi:schemaLocation="http://www.openarchives.org/OAI/2.0/ http://www.openarchives.org/OAI/2.0/OAI-PMH.xsd"><responseDate>2026-04-30T16:39:54Z</responseDate><request verb="GetRecord" identifier="oai:ebiltegia.mondragon.edu:20.500.11984/5368" metadataPrefix="marc">https://ebiltegia.mondragon.edu/oai/request</request><GetRecord><record><header><identifier>oai:ebiltegia.mondragon.edu:20.500.11984/5368</identifier><datestamp>2024-04-15T15:47:12Z</datestamp><setSpec>com_20.500.11984_460</setSpec><setSpec>col_20.500.11984_465</setSpec></header><metadata><record xmlns="http://www.loc.gov/MARC21/slim" xmlns:dcterms="http://purl.org/dc/terms/" xmlns:xsi="http://www.w3.org/2001/XMLSchema-instance" xmlns:doc="http://www.lyncode.com/xoai" xsi:schemaLocation="http://www.loc.gov/MARC21/slim http://www.loc.gov/standards/marcxml/schema/MARC21slim.xsd">
   <leader>00925njm 22002777a 4500</leader>
   <datafield ind2=" " ind1=" " tag="042">
      <subfield code="a">dc</subfield>
   </datafield>
   <datafield ind2=" " ind1=" " tag="720">
      <subfield code="a">García Blázquez, Itziar</subfield>
      <subfield code="e">author</subfield>
   </datafield>
   <datafield ind2=" " ind1=" " tag="260">
      <subfield code="c">2021</subfield>
   </datafield>
   <datafield ind2=" " ind1=" " tag="520">
      <subfield code="a">Digital competence has become a vital component of education in the 21st century and, as such,&#xd;
students need to be trained to meet its demands. In the Basque region of Spain, a digital&#xd;
competence exit profile for secondary school students has been defined, which is intended to be&#xd;
used alongside a newly created educational resource called EKI. There is scarce research that takes&#xd;
into account an educational resource to deal with digital competence. The study is based on the&#xd;
premise that EKI educational resource is an innovative educational resource whereby secondary&#xd;
school students develop their digital competence, and that digital competence is considered a crosscurricular&#xd;
competence for secondary school students. The overall aim of the dissertation is to&#xd;
analyse whether the use of EKI educational resource is sufficient to achieve the digital competence&#xd;
exit profile defined for Basque secondary school students.&#xd;
Firstly, it comprises a review of relevant research and theoretical foundation with regard to digital&#xd;
competence, focusing on the EKI educational resource for developing student digital competence in&#xd;
secondary education. Second, methodologically, the dissertation uses the exploratory design as&#xd;
research method with a descriptive approach to study the aspects of integration of digital&#xd;
competence in EKI educational resource. Secondary school students’ digital competence was in this&#xd;
study operationalised through three theoretically interrelated concepts; educational resource subjectlevel,&#xd;
digital competence area and digital competence proficiency level. Thirdly, the main research&#xd;
question has been operationalized through four sub-questions and each of them have been explored&#xd;
through an individual sub-study.&#xd;
The findings demonstrate the complex process to achieve the digital competence exit profile in&#xd;
secondary education using the EKI educational resource. Although all digital competence areas were&#xd;
identified through the activities, not all the areas are developed in the same way. In addition, while&#xd;
analysing the activities by school subject and digital competence area, results showed that some&#xd;
school subjects could facilitate the development of digital competences.</subfield>
   </datafield>
   <datafield ind2=" " ind1=" " tag="520">
      <subfield code="a">Teknologiaren eta digitalizazioaren aro honetan, eskolaren erronka nagusienetako bat da&#xd;
konpetentzia digitalaren garapena; egungo ikasleek prestakuntza behar dute gizartearen&#xd;
premia/eskaera berrietara egokitzeko. Euskal Autonomi Erkidegoan, konpetentzia digitalaren irteeraprofil&#xd;
bat zehaztu da Derrigorrezko Bigarren Hezkuntzako ikasleentzat, eta hori garatzeko, Ikastolen&#xd;
Elkarteak Eki izeneko hezkuntza baliabide berria sortu eta erabiltzen du. Gutxi dira konpetentzia&#xd;
digitala lantzeko hezkuntza-baliabidea kontuan hartu dituzten ikerketak. EKI hezkuntza -baliabidea&#xd;
berrikuntzaren perspektibatik aztertzea izan da ikerketaren abiapuntua, zehatzago, DBHko ikasleen&#xd;
konpetentzia digitala garatzeko tresna gisa. Beti ere, konpetentzia digitala zeharkako&#xd;
konpetentziatzat definituz. Tesiaren helburu orokorra bigarren hezkuntzako euskal ikasleentzat&#xd;
definitutako konpetentzia digitalaren irteera-profila lortzeko Eki hezkuntza-baliabidearen erabilera&#xd;
nahikoa den aztertzea da.&#xd;
Ikerketaren helburua erdiesteko, konpetentzia digitalaren arloko ikerketen eta oinarri teoriko&#xd;
garrantzitsuen berrikuspena egin da, bigarren hezkuntzako ikasleen konpetentzia digitala garatzeko&#xd;
Eki hezkuntza-baliabidea oinarri hartuz. Bigarrenik, metodologikoki, tesian esplorazio-diseinua erabili&#xd;
da ikerketa-metodo gisa, ikuspegi deskribatzailetik, konpetentzia digitala Eki hezkuntza-baliabidean&#xd;
integratzen den aztertzeko. Derrigorrezko Bigarren Hezkuntzako ikasleen konpetentzia digitala&#xd;
teorikoki osagarri diren hiru kontzepturen bidez operatibizatu da azterlan honetan: irakasgaiaren&#xd;
mailako hezkuntza-baliabidea, konpetentzia digitalaren arloa eta konpetentzia digitalaren maila.&#xd;
Hirugarrenik, ikerketaren galdera nagusiari erantzuteko, lau azpi-galdera xehetu dira, eta galdera&#xd;
bakoitza banakako azpi-azterlan baten bidez ikertu da.&#xd;
Eki hezkuntza-baliabidearen bidez konpetentzia digitalaren irteera-profil osoa betetzeko prozesu&#xd;
konplexua erakutsi dute emaitzek. Jardueren bidez konpetentzia digitaleko arlo guztiak identifikatu&#xd;
diren arren, arlo guztiak ez dira modu berean garatu. Gainera, jarduerak eskola-irakasgaiaren eta&#xd;
konpetentzia digitalaren arloaren arabera aztertzean, zaila izan da zehaztea zergatik errazten duten&#xd;
eskolako irakasgai batzuek konpetentzia digitalen garapena.</subfield>
   </datafield>
   <datafield ind2=" " ind1=" " tag="520">
      <subfield code="a">La competencia digital se ha convertido en un componente vital de la educación en el siglo XXI y,&#xd;
como tal, los estudiantes necesitan ser formados para satisfacer sus demandas. En el País Vasco el&#xd;
Gobierno Vasco ha definido un perfil de salida de la competencia digital para los alumnos de&#xd;
secundaria, que se pretende utilizar junto a un recurso educativo de nueva creación denominado&#xd;
EKI. Son escasas las investigaciones que tienen en cuenta un recurso educativo para tratar la&#xd;
competencia digital. El estudio parte de la premisa de que el recurso educativo EKI es un recurso&#xd;
educativo innovador mediante el cual los alumnos de secundaria desarrollan su competencia digital,&#xd;
y que la competencia digital se considera una competencia transversal para los alumnos de&#xd;
secundaria. El objetivo general de la tesis es analizar si el uso del recurso educativo EKI es&#xd;
suficiente para alcanzar el perfil de salida de la competencia digital definido para el alumnado vasco&#xd;
de secundaria.&#xd;
En primer lugar, se realiza una revisión de las investigaciones y fundamentos teóricos relevantes en&#xd;
materia de competencia digital, centrándose en el recurso educativo EKI para el desarrollo de la&#xd;
competencia digital del alumnado de secundaria. En segundo lugar, metodológicamente, la tesis&#xd;
utiliza el diseño exploratorio como método de investigación con un enfoque descriptivo para estudiar&#xd;
los aspectos de la integración de la competencia digital en el recurso educativo EKI. La competencia&#xd;
digital de los estudiantes de secundaria se operativizó en este estudio a través de tres conceptos&#xd;
teóricamente interrelacionados: recurso educativo a nivel de asignatura, área de competencia digital&#xd;
y nivel de competencia digital. En tercer lugar, la pregunta principal de la investigación se ha&#xd;
operacionalizado a través de cuatro sub-preguntas y cada una de ellas se ha explorado mediante un&#xd;
sub-estudio individual.&#xd;
Los resultados demuestran el complejo proceso para cumplir con todo el perfil de salida de la&#xd;
competencia digital a través del recurso educativo EKI. Aunque se identificaron todas las áreas de&#xd;
competencia digital a través de las actividades, no todas las áreas se desarrollan de la misma&#xd;
manera. Además, al analizar las actividades por asignatura escolar y área de competencia digital,&#xd;
fue difícil saber por qué algunas asignaturas escolares facilitan el desarrollo de las competencias&#xd;
digitales.</subfield>
   </datafield>
   <datafield ind1="8" ind2=" " tag="024">
      <subfield code="a">https://katalogoa.mondragon.edu/janium-bin/janium_login_opac.pl?find&amp;ficha_no=164557</subfield>
   </datafield>
   <datafield ind1="8" ind2=" " tag="024">
      <subfield code="a">https://hdl.handle.net/20.500.11984/5368</subfield>
   </datafield>
   <datafield tag="653" ind2=" " ind1=" ">
      <subfield code="a">Digital competence</subfield>
   </datafield>
   <datafield tag="653" ind2=" " ind1=" ">
      <subfield code="a">Secondary school students</subfield>
   </datafield>
   <datafield tag="653" ind2=" " ind1=" ">
      <subfield code="a">EKI educational resource</subfield>
   </datafield>
   <datafield tag="653" ind2=" " ind1=" ">
      <subfield code="a">Teaching material</subfield>
   </datafield>
   <datafield tag="653" ind2=" " ind1=" ">
      <subfield code="a">Secondary education</subfield>
   </datafield>
   <datafield tag="653" ind2=" " ind1=" ">
      <subfield code="a">Konpetentzia digitala</subfield>
   </datafield>
   <datafield tag="653" ind2=" " ind1=" ">
      <subfield code="a">Bigarren hezkuntzako ikasleak</subfield>
   </datafield>
   <datafield tag="653" ind2=" " ind1=" ">
      <subfield code="a">EKI hezkuntza-baliabidea</subfield>
   </datafield>
   <datafield tag="653" ind2=" " ind1=" ">
      <subfield code="a">Irakaskuntza-materiala</subfield>
   </datafield>
   <datafield tag="653" ind2=" " ind1=" ">
      <subfield code="a">Bigarren hezkuntza</subfield>
   </datafield>
   <datafield tag="653" ind2=" " ind1=" ">
      <subfield code="a">Competencia digital</subfield>
   </datafield>
   <datafield tag="653" ind2=" " ind1=" ">
      <subfield code="a">Alumnos de secundaria</subfield>
   </datafield>
   <datafield tag="653" ind2=" " ind1=" ">
      <subfield code="a">Recurso educativo EKI</subfield>
   </datafield>
   <datafield tag="653" ind2=" " ind1=" ">
      <subfield code="a">Material didáctico</subfield>
   </datafield>
   <datafield tag="653" ind2=" " ind1=" ">
      <subfield code="a">Educación secundaria</subfield>
   </datafield>
   <datafield ind2="0" ind1="0" tag="245">
      <subfield code="a">Students’ digital competence: Basque secondary school students’ digital competence development through EKI educational resource</subfield>
   </datafield>
</record></metadata></record></GetRecord></OAI-PMH>